000 00217nam a22000857a 4500
008 170228b xxu||||| |||| 00| 0 eng d
100 _92952
_aKumar.A.
245 _aGeography Mat Work Book-IX
260 _aNew Delhi
_bGBC
_c2009
999 _c6196
_d6196